01157cam a22003015a 4500001001000000003000400010005001700014008004100031020002500072040003600097082002200133100003200155245006300187260004500250300003600295490002800331500005100359500002400410504003100434650006500465650005600530650004700586651001000633653002400643942000800667999001700675952016300692016650103OSt20160224113011.0140109s2014 enka frb 001 0 eng d a9781472571816 (pbk.) aStDuBDSbengcStDuBDSdEG-ScBUE04a072.0141222bDAV1 aDavies, Matt,d1960-93942810aOppositions and ideology in news discourse /cMatt Davies. aLondon ;aNew York :bBloomsbury,c2014. axviii, 222 p. :bill. ;c24 cm.0 aAdvances in stylistics. aOriginally published: London: Continuum, 2012. aIndex : p. 219-222. aBibliography : p. 215-218. 0aDiscourse analysisxPolitical aspectszGreat Britain.2BUEsh 0aMass mediaxPolitical aspectszGreat Britain2BUEsh 0aDebates and debating in mass media.2BUEsh 2BUEsh bEEENGcFebruary2016 2ddc c21229d21201 00102ddc40708Anglo-EgypaMAINbMAINcLOWd2016-02-24ePurchaseg350.00h13707l1m21o072.0141 DAVp000031718r2025-07-15 00:00:00s2020-11-23v438.00yBB